00855nam a22002537a 45000010005000000030006000050050017000110080041000280200018000690400029000870820010001161000020001262450091001462500038002372600062002753000045003375050008003825200075003905210020004655210020004856500028005056500033005337000035005669497FISKH20260115104236.0260115b cb ||||| |||| 00| 0 eng d a9781841354750 aFISKHbengcFISKHdFISKH a428.6 aBlyton , Enid  aThe walkaway shoes and other stories / cby Enid Blyton : Ilustrated by Andrew Geeson  aThis edition first published 2007 aNottinghamshire :bAward Publications Limited , c1998 .  a191 pages : billustrations ; c19 cm .  aO  aA collection of short stories for the younger readers of ages 5-8 yrs.8 a600 bLexile 8 aO bRaz-Plus  aDonate vJunior Fiction aHome-LibraryvJunior Fiction aGeeson , Andrew eIllustrator